000 01104njm a22002897a 4500
005 20100921145941.0
007 sd ammalaaahaa
008 100913t xxu||||| |||| 00| 0 hin d
028 _aSNLP-5018
_bSuper ; T-Series
035 _aGR-05163
040 _aSED/VEN
100 _919606
_aMangeshkar, Lata
245 _aJago maa jagdambe part 1 & 2 /
_h[sound recording] :
_cby Lata Mangeshkar ; music Hridayanath Mangeshkar ; lyric Narinder Sharma
246 _aअटल चत्तर सच्चा दरबार (लता मंगेशकर)
260 _aDum Dum, India
_bSuper ; T-Series
_c1985
300 _a1 sound disc [Gramophone record] :
_banalog, 33 1/3 rpm
_c12 in. (LP)
_fGramophone record
500 _aBrief record.
500 _aSuper ; T-Series
500 _aRed
650 _aClassical Music
_xExcerpts
_zIndia
_919607
_vFilmi Song
700 _91184
_aMangeshkar, Hridayanath
700 _920675
_aSharma, Narinder
700 _919643
700 _919690
942 _2ddc
_cGR
999 _c47310
_d47310